| 000 | 00359nam a2200145Ia 4500 | ||
|---|---|---|---|
| 008 | 240624s9999 xx 000 0 und d | ||
| 041 | _aeng | ||
| 082 | _a658.88 AMM | ||
| 100 | _aAMMANN MANUEL | ||
| 245 | _aCREDIT RISK VALUATION METHODS MODELS AND | ||
| 250 | _a(2nd ed.) | ||
| 260 |
_c2001 _aNew Delhi _bSpringer |
||
| 300 | _a255 : p. | ||
| 365 |
_cERU _b28 |
||
| 999 |
_c23967 _d23967 |
||